WW1 weapons multiple choice - Statistics

General Stats
  • This quiz has been taken 298 times
  • The average score is 11 of 15
Answer Stats
Question Answer % Correct
Famous pistol used by the American Army M1911
96%
Standard issue rifle of the American army M1903 Springfield
83%
Standard issue rifle of the Russian army Mosin Nagant
82%
Standard issue rifle of the French army Lebel 1886
79%
The first WW1 era light machine gun, it was made famous by the British army in both world wars Lewis gun
79%
Standard issue rifle of the Ottoman army Ottoman Mauser M1903
75%
This submachine gun was developed in 1918 and was the primary weapon of the Sturmtruppen MP 18
74%
Standard issue rifle of the British army SMLE mk3
71%
Standard issue rifle of the Italian army Carcano M1891
69%
What French light machine gun is considered the worst machine gun in history Chauchat
69%
What famous pistol was most often held by German officers Po8 Luger
69%
Which gun was not used in ww1 Suomi KP/-31
67%
This shotgun used by the American army was so effective that the German army called for it to be banned Trench gun
65%
Standard issue rifle of the Austro-Hungarian army Mannlicher M1895
63%
This popular WW1 German machine gun is still being used today in the Russia-Ukraine conflict MG 08
43%
No matching quizzes found
Score Distribution
Percent of People with Each Score
Percentile by Number Answered
Your Score History
You have not taken this quiz